|
|
|
|
| LEADER |
01197nab#a2200349#ar4500 |
| 001 |
000073773 |
| 003 |
SVKKK |
| 005 |
20100929135609.0 |
| 008 |
080218d1909 xo |||||||||||||||b|hun |
| FMT |
|
|
|
| 038 |
|
|
|a SVKKK
|
| 040 |
|
|
|a SVKKK
|b slo
|e AACR2
|
| 041 |
0 |
|
|a hun
|
| 044 |
|
|
|a xo
|c SK
|
| 080 |
|
|
|a 323
|2 1997
|
| 080 |
|
|
|a 929 Harmatta, Ondrej
|2 1997
|
| 242 |
1 |
0 |
|a Nový hospodársky spravodajca
|y slo
|
| 245 |
1 |
0 |
|a Uj gazdasági szaktudósitó
|
| 500 |
|
|
|a mikrofilm
|
| 520 |
2 |
|
|a Správa o tom, že správca panstva "Andráši" z Humenného Ondrej (Andor) Harmatta bol vymenovaný do funkcie hospodárskeho spravodajcu
|
| 600 |
1 |
4 |
|a Harmatta, Ondrej
|d 18??-19??
|x správca panský, úradník
|z Dobšiná (Slovensko)
|x rodák
|z Humenné, Parchovany (Slovensko), Tiszadob (Maďarsko)
|x pôsobenie
|
| 650 |
0 |
4 |
|a spravodajca hospodársky (funkcia)
|x menovanie úradné
|z Humenné (Slovensko)
|y november 1909
|
| 655 |
|
4 |
|a hungariká
|
| 773 |
0 |
|
|t Felvidéki Hirlap
|g Roč. 2, č. 47 (21.11.1909) s. 2
|
| 957 |
|
|
|a Humenné
|
| 958 |
|
|
|a DG
|
| 958 |
|
|
|a HU
|
| 974 |
|
|
|a Ba
|
| 992 |
|
|
|a RBX
|
| 997 |
|
|
|a Harmatta, Andor p. Harmatta, Ondrej
|d Homonna p. Humenné
|
| BAS |
|
|
|
| 998 |
|
|
|a RETRO
|